|
|
|
|
| LEADER |
00785nab a2200193 i 4500 |
| 001 |
publ24538 |
| 005 |
20220616092245.0 |
| 008 |
220616s2022 hu o 0|| Magyar d |
| 022 |
|
|
|a 2939-5739
|
| 024 |
7 |
|
|a 32887448
|2 mtmt
|
| 040 |
|
|
|a SZTE Publicatio Repozitórium
|b hun
|
| 041 |
|
|
|a Magyar
|
| 100 |
1 |
|
|a Légrády Péter
|
| 245 |
1 |
3 |
|a Az Európai Kardiológiai Társaság 2021. évi szakmai irányelvének a magasvérnyomás-betegségre vonatkozó fontosabb ajánlásai
|h [elektronikus dokumentum] /
|c Légrády Péter
|
| 260 |
|
|
|c 2022
|
| 300 |
|
|
|a 15-17
|
| 490 |
0 |
|
|a MD PREVENCIÓ A Medical Digest Szakmai Továbbképző Sorozat Tagja
|v 1 No. 1
|
| 650 |
|
4 |
|a Szív és keringési rendszer
|
| 856 |
4 |
0 |
|u http://publicatio.bibl.u-szeged.hu/24538/1/MDP-2022majus-Legrady.pdf
|z Dokumentum-elérés
|